00448nam a2200181Ia 4500003000400000005001700004008004100021020002200062040000700084041000800091082002000099100002200119245002900141260004500170300001400215365001300229650002400242OSt20230518111825.0210423s2008 xx 000 0 und d a978-81-7319-853-3 cAL aeng a663.13 SRIF223 aSRIVASTAVA (M L). aFermentation technology. aNew DelhibNarosa Publishing Housec2008 ax,391bPB b650cINR aBeverage Technology